| 000 | 00515nam a22001817a 4500 | ||
|---|---|---|---|
| 003 | 0 | ||
| 005 | 20240923104406.0 | ||
| 008 | 240923b xxu||||| |||| 00| 0 eng d | ||
| 020 | _a978-1-119-83240-1 | ||
| 050 |
_aHG 106 _b.Sa23 2022 |
||
| 100 | _aSadr, Amie | ||
| 245 |
_aMathematical techniques in finance _cSadr, Amie |
||
| 260 |
_aNew Jersey _bJohn wiley & sons _cC2022 |
||
| 300 |
_axxiii, 236p. : _bill. : _c24cm. |
||
| 500 | _aFinance--mathematical models. | ||
| 650 | _aIncludes index. | ||
| 942 |
_2lcc _cBK |
||
| 999 |
_c366327 _d366327 |
||